2,000 abstracts on cassava (manihot esculenta Crantz). (Record no. 18875)

000 -LEADER
fixed length control field 00629cas a2200181 a 4500
040 ## - CATALOGING SOURCE
Transcribing agency DLC
082 0# - DEWEY DECIMAL CLASSIFICATION NUMBER
Classification number 633 CAS 1975 C155 Or.
245 00 - TITLE STATEMENT
Title 2,000 abstracts on cassava (manihot esculenta Crantz).
246 30 - VARYING FORM OF TITLE
Title proper/short title Two thousand abstracts on cassava (manihot esculenta Crantz)
260 ## - PUBLICATION, DISTRIBUTION, ETC. (IMPRINT)
Place of publication [Cali, Colombia] :
Name of publisher Cassava Information Center, Centro Internacional de Agricultura Tropical,
Year of publication 1975.
300 ## - PHYSICAL DESCRIPTION
Number of Pages 1 volume ;
Dimensions 24 cm.
490 1# - SERIES STATEMENT
Series statement Series
650 #0 - SUBJECT ADDED ENTRY--TOPICAL TERM
Topical Term Cassava
650 #0 - SUBJECT ADDED ENTRY--TOPICAL TERM
Topical Term Cassava
650 #7 - SUBJECT ADDED ENTRY--TOPICAL TERM
Topical Term Cassava.
710 2# - ADDED ENTRY--CORPORATE NAME
Corporate name or jurisdiction name as entry element Centro de Información sobre Yuca (Centro Internacional de Agricultura Tropical)
942 ## - ADDED ENTRY ELEMENTS (KOHA)
Koha item type ADB
952 ## - LOCATION AND ITEM INFORMATION (KOHA)
Withdrawn status [LOCAL, KOHA] 0
Holdings
Koha item type Shelving location Lost status Permanent Location Current Location Date acquired Full call number
សៀវភៅភាសាអង់គ្លេសC155 Library Block CLibrary Block C2020-02-04633 CAS 1975 C155 Or.
មជ្ឈមណ្ឌលឯការនៃសាកលវិទ្យាល័យភូមិន្ទកសិកម្មចំការដូង

Powered by Koha